LEADER 00970nam a2200241 i 4500 001 000000159919 003 CaOOAMICUS 005 20070420000000.0 008 070420s1992 it u000 u ita u 013 $a137282 040 $aSeMil$bita 100 1 $aGiavini, Luigi.$0(OLS)http://semarc/name/7979 245 10$aMadegòzzu e midisìna /$cStrenna del «Magistero dei Bruscitti» compilata da Luigi Giavini e Angelo Grampa. 260 $a[S.l. :$bs.n.],$c1992. 300 $a65 p. :$bill. ;$c23 cm. 490 0 $aFolclore bustocco ;$v9. 700 1 $aGrampa, Angelo.$0(OLS)http://semarc/name/42056 830 0$aFolclore bustocco ;$v9.$0(OLS)http://semarc/title/23355 850 $aSeMil 852 $aSeMil$W1$xVenegono$y1$m3P III 86$j111437$B111437$CSeMilBibl$Z2$F122969 $81 961 $aOmaggio: Chierichetti mons. Giovanni 996 $6245$aMadegòzzu e midisìna$9(OLS)http://semarc/title/142254 996 $6260$a[S.l. :$bs.n.]$9(OLS)http://semarc/publisher/29751 LEADER 01060nam a2200229 i 4500 001 000000087260 003 CaOOAMICUS 005 20100508000000.0 008 100508s1933 it u000 u ita u 013 $a59500 040 $aSeMil$bita 100 1 $aScaramuzzi, Diomede,$c.$0(OLS)http://semarc/name/23521 245 13$aLe idee scotiste di un grande teologo domenicano del '500: Ambrogio Catarino /$cP. Diomede Scaramuzzi. 260 $aFirenze :$bVallecchi,$c1933. 300 $a1 v. (varie sequenze) ;$c25 cm. 500 $aEstratto da Studi Francescani. S.3a : Anno 4., 1932, 10. N.3 - Anno 5., 1933, 11., N.3. 650 4$aRinascimento.$0(OLS)http://semarc/subject/1225 650 4$aScolastica.$0(OLS)http://semarc/subject/210 850 $aSeMil 852 $aSeMil$W1$xVenegono$y1$m1532 50 *$j50804$B50804$CSeMilBibl$Z2$F54859 $81 996 $6245$aLe idee scotiste di un grande teologo domenicano del '500: Ambrogio Catarino$9(OLS)http://semarc/title/133397 996 $6260$aFirenze :$bVallecchi$9(OLS)http://semarc/publisher/29768